• 首页
  • 本馆介绍
  • 公告通知
  • 最新文献
  • 馆藏检索
  • 电子资源
  • 读者导购
  • 参考咨询
  • 我的图书馆
  • 登录
  • 详细信息显示
  • 放入我的书架
  • 预约/预借图书
  • 作者相关作品
  • 分类相关作品
  • 丛书相关作品
  • 出版社相关作品

书目信息

  • 表格格式
  • 工作单格式
  • 卡片格式
题名:
机械零件课程设计图册
    
 
作者: 龚湮义 著
分册:  
出版信息: 北京   人民教育出版社  1980
页数: 101页
开本: 19cm
丛书名:
单 册:
中图分类: TH13
科图分类:
主题词: 机械元件 , 机械传动装置
电子资源:
ISBN:
000 00660nam0 2200253 45
001 0180005795
005 20040520175106.2
010    @dCNY1.20
091    @a15021.0293
100    @a19950609d1980 em y0chiy0121 ea
101 0  @achi
102    @aCN@b110000
105    @aa z 000yy
106    @ar
200 10 @a机械零件课程设计图册@Aji xie ling jian ke cheng she ji tu ce@f龚湮义著
210    @a北京@c人民教育出版社@d1980
215    @a101页@d19cm
606 0  @a机械元件
606 0  @a机械传动装置
690    @aTH13
701  0 @a龚湮义@Agong yan yi@4著
801  0 @aCN@b上海图书馆@c20040520
801  2 @aCN@bNLC@c20040520
905    @f1@b50270@dTH13@e16
    
    机械零件课程设计图册/龚湮义著.-北京:人民教育出版社,1980
    101页;19cm
    
    
    ISBN :CNY1.20
    
●
相关链接 在E读中查询图书 在五车中查询图书 在当当中查询图书 在豆瓣中查询图书


正题名:机械零件课程设计图册     索取号:TH13/16         预约/预借

序号 登录号 条形码 馆藏地/架位号 状态 备注
1 0050270   001365294   密集书库/ [索取号:TH13/16] 在馆    
2 0050271   001365338   第二样本阅览室/ [索取号:TH13/16] 在馆    
唐山师范学院图书馆 欢迎您!
大连网信软件有限公司© 版权所有